Microeconomía política de los precios mínimos y máximos: el caso del subsector arrocero costarricense /

Gespeichert in:
Bibliographische Detailangaben
1. Verfasser: Villalobos Céspedes, Daniel
Format: Text
Tags: Tag hinzufügen
Keine Tags, Fügen Sie den ersten Tag hinzu!

MARC

LEADER 00000 a a2200000 04500
001 5428
003
040
100 |a Villalobos Céspedes, Daniel  
245 |a Microeconomía política de los precios mínimos y máximos: el caso del subsector arrocero costarricense /  |c Daniel Villalobos Céspedes 
773 |g número 12; páginas 53-67  
999 |c 31842  |d 31842